Advances in Cryptology-CRYPTO 94 : 14th Annual International Cryptology Conference Santa Barbara, California, USA August 21-25,1994 Proceedings
Αποθηκεύτηκε σε:
| Συγγραφή απο Οργανισμό/Αρχή: | |
|---|---|
| Άλλοι συγγραφείς: | |
| Μορφή: | Πρακτικό Συνεδρίου Βιβλίο |
| Γλώσσα: | English |
| Δημοσίευση: |
Berlin :
Springer-Verlag,
c1994.
|
| Σειρά: | Lecture notes in computer science ;
839 |
| Θέματα: | |
| Ετικέτες: |
Προσθήκη ετικέτας
Δεν υπάρχουν, Καταχωρήστε ετικέτα πρώτοι!
|
MARC
| LEADER | 00000cam a2200000 i 4500 | ||
|---|---|---|---|
| 001 | 1/41957 | ||
| 008 | 950307s1994####gw | ||| |||| ||eng|| | ||
| 020 | |a 3540583335 | ||
| 035 | |1 ΕΛΗ |a 1995 |c ΓΚΡΙΤΖΑΛΗΣ |l 10041639 | ||
| 040 | |a GR-MyUA |b gre |e AACR2 | ||
| 041 | 0 | |a eng | |
| 082 | 0 | |a 005.82 | |
| 111 | 0 | |a Crypto '94 |n 14th |d August 21-25, 1994 |c Santa Barbara, California. | |
| 245 | 1 | 0 | |a Advances in Cryptology-CRYPTO 94 : |b 14th Annual International Cryptology Conference Santa Barbara, California, USA August 21-25,1994 Proceedings / |c Edited by Yvo G. Desmedt. |
| 260 | |a Berlin : |b Springer-Verlag, |c c1994. | ||
| 300 | |a 438 σ. ; |c 24 εκ. | ||
| 490 | 1 | |a (Lecture notes in computer science |v ; 839) | |
| 504 | |a Περιέχει βιβλιογραφικές αναφορές. | ||
| 650 | 0 | 0 | |a Computers |x Access control |x Congresses. |
| 650 | 0 | 0 | |a Cryptography |x Congresses. |
| 700 | 1 | |a Desmedt, Yvo, |e edt | |
| 830 | 0 | |a Lecture notes in computer science ; |v 839 | |
| 852 | |a INST |b SAMOS |e 19950307 |h 005.82 CRY |p 005300009862 |q 005300009862 |t BK |y 0 | ||
| 909 | |a Σ |b 044760 | ||